| 000 | 01129nas a2200229 a 4500 | ||
|---|---|---|---|
| 001 | 38493 | ||
| 003 | BD-RjUL | ||
| 005 | 20211209052816.0 | ||
| 008 | 151221s1912 ii ||||| |||| 00| 0 ben d | ||
| 035 | _a(BD-RjUL)38598 | ||
| 040 |
_aBD-RjUL _bben _cBD-RjUL |
||
| 041 | _aben | ||
| 082 |
_a891.4405 _bBHA 1912 |
||
| 245 |
_aভারতী : _bসচিত্র মাসিক পত্রিকা / _c স্বর্ণকুমারী দেবী সম্পাদিত. |
||
| 260 |
_aকলিকাতা : _bসতীশচন্দ্র মুখোপাধ্যায়, _c১৯১২. |
||
| 300 |
_a৩৬শবর্ষ ( ৩য়-৬ষ্ঠ) সংখ্যা, আষাঢ়-আশ্বিন, ১৩১৯ বাং. _c২৩ সেমি. |
||
| 500 | _aপুঠিয়া রাজবাড়ি থেকে সংগৃহীত । | ||
| 650 |
_aবাংলা সাহিত্য _vসাময়িকী _9119104 |
||
| 650 |
_aBengali Literature _vPeriodicals _9119105 |
||
| 700 |
_a দেবী, স্বর্ণকুমারী, সম্পা. _9119120 |
||
| 942 |
_2ddc _cCR |
||
| 999 |
_c38493 _d38493 |
||